Panduan Undang-undang Jenayah : (Record no. 4369)

000 -LEADER
fixed length control field nam a22 a 4500
003 - CONTROL NUMBER IDENTIFIER
control field AKMAL
005 - DATE AND TIME OF LATEST TRANSACTION
control field 20170529111421.0
008 - FIXED-LENGTH DATA ELEMENTS--GENERAL INFORMATION
fixed length control field 170529s2003 my e l 000 0 may d
020 ## - INTERNATIONAL STANDARD BOOK NUMBER
International Standard Book Number 9678913496 (kkt.) :
Terms of availability RM37.50
082 04 - DEWEY DECIMAL CLASSIFICATION NUMBER
Classification number 345.595 PAN
Edition number 22
090 00 - LOCALLY ASSIGNED LC-TYPE CALL NUMBER (OCLC); LOCAL CALL NUMBER (RLIN)
Classification number (OCLC) (R) ; Classification number, CALL (RLIN) (NR) 345.595
Local cutter number (OCLC) ; Book number/undivided call number, CALL (RLIN) PAN
110 1# - MAIN ENTRY--CORPORATE NAME
Corporate name or jurisdiction name as entry element Malaysia
9 (RLIN) 400
245 10 - TITLE STATEMENT
Title Panduan Undang-undang Jenayah :
Remainder of title (hingga 20hb Mac 2003) /
Statement of responsibility, etc. disusun oleh Lembaga Penyelidikan Undang-undang
260 ## - PUBLICATION, DISTRIBUTION, ETC.
Place of publication, distribution, etc. Kuala Lumpur :
Name of publisher, distributor, etc. International Law Book Services,
Date of publication, distribution, etc. 2003
300 ## - PHYSICAL DESCRIPTION
Extent 590ms. ;
Dimensions 24cm.
505 ## - FORMATTED CONTENTS NOTE
Formatted contents note Kandungan : Kanun Proswdur Jenayah (Akta 593) - Kanun Keseksaan (Akta 574) - Akta Keterangan (Akta 56)
650 #0 - SUBJECT ADDED ENTRY--TOPICAL TERM
Topical term or geographic name entry element Criminal law
Geographic subdivision Malaysia
9 (RLIN) 3716
650 #0 - SUBJECT ADDED ENTRY--TOPICAL TERM
Topical term or geographic name entry element Punishment
General subdivision Law and legislation
Geographic subdivision Malaysia
9 (RLIN) 8310
650 #0 - SUBJECT ADDED ENTRY--TOPICAL TERM
Topical term or geographic name entry element Evidence (Law)
Geographic subdivision Malaysia
9 (RLIN) 8308
710 1# - ADDED ENTRY--CORPORATE NAME
Corporate name or jurisdiction name as entry element Malaysia.
Title of a work Kanun Prosedur Jenayah
9 (RLIN) 8361
710 1# - ADDED ENTRY--CORPORATE NAME
Corporate name or jurisdiction name as entry element Malaysia.
Title of a work Kanun Keseksaan
9 (RLIN) 8516
710 1# - ADDED ENTRY--CORPORATE NAME
Corporate name or jurisdiction name as entry element Malaysia.
Title of a work Akta Keterangan, 1950
9 (RLIN) 8517
710 2# - ADDED ENTRY--CORPORATE NAME
Corporate name or jurisdiction name as entry element Lembaga Penyelidikan Undang-Undang
9 (RLIN) 8518
942 ## - ADDED ENTRY ELEMENTS (KOHA)
Source of classification or shelving scheme
Koha item type Book
Holdings
Withdrawn status Lost status Source of classification or shelving scheme Damaged status Not for loan Collection code Home library Current library Shelving location Date acquired Inventory number Total Checkouts Full call number Barcode Date last seen Price effective from Koha item type
          NON-FICTION AKMAL Melaka AKMAL Melaka PINJAMAN 29.05.2017 303827   345.595 PAN 201706776 29.05.2017 29.05.2017 Book
          NON-FICTION AKMAL Melaka AKMAL Melaka PINJAMAN 29.05.2017 303824   345.595 PAN 201706775 29.05.2017 29.05.2017 Book
          NON-FICTION AKMAL Melaka AKMAL Melaka PINJAMAN 29.05.2017 303826   345.595 PAN 201706526 29.05.2017 29.05.2017 Book
          NON-FICTION AKMAL Melaka AKMAL Melaka PINJAMAN 29.05.2017 303825   345.595 PAN 201706527 29.05.2017 29.05.2017 Book
Pusat Sumber Maklumat Dato' Haji Sarmin Md Hussin, Akademi Kastam Diraja Malaysia, Melaka
Tel: 06-2331106 | Faks: 06-2313787